[Event "Team senior chess final 2017"]
[Site "Sochi"]
[Date "2017.05.08"]
[Round "8.1"]
[White "Mednikov, Gennadiy"]
[Black "Mishuchkov, Nikolai M"]
[Result "0-1"]
[WhiteElo "2176"]
[BlackElo "2321"]
[PlyCount "46"]
[EventDate "2017.05.01"]

1. d4 Nf6 2. Bf4 d5 3. e3 c5 4. Nf3 Qb6 5. b3 e6 6. Bd3 Bd6 7. Bg3 Bxg3 8. hxg3
Nc6 9. c3 Qa5 10. O-O O-O 11. dxc5 Qxc5 12. b4 Qd6 13. Nbd2 Rd8 14. Qc2 e5 15.
Rad1 e4 16. Nxe4 dxe4 17. Bxe4 Qe7 18. Bd3 Bg4 19. Rd2 Rac8 20. Rb1 Ne5 21. Be2
Rxd2 22. Qxd2 Ne4 23. Qe1 Nxc3 0-1

[Event "Team senior chess final 2017"]
[Site "Sochi"]
[Date "2017.05.08"]
[Round "8.1"]
[White "Karasev, Vladimir I"]
[Black "Martynov, Alexandr"]
[Result "1-0"]
[WhiteElo "2355"]
[BlackElo "1960"]
[PlyCount "43"]
[EventDate "2017.05.01"]

1. e4 d5 2. exd5 Qxd5 3. d4 Nc6 4. Nf3 Bg4 5. Be2 O-O-O 6. c4 Qf5 7. Be3 Nf6 8.
Nc3 Bxf3 9. Bxf3 Nxd4 10. Bxd4 e5 11. Qb3 Rxd4 12. Qxb7+ Kd8 13. O-O Bd6 14.
Nb5 Rxc4 15. Rad1 Ne8 16. Rfe1 f6 17. Qd5 Rf4 18. Nxa7 e4 19. Nc6+ Kd7 20.
Qxf5+ Rxf5 21. Bg4 Kxc6 22. Bxf5 1-0

[Event "Team senior chess final 2017"]
[Site "Sochi"]
[Date "2017.05.08"]
[Round "8.1"]
[White "Maiorov, Viktor"]
[Black "Blechzin, Igor"]
[Result "0-1"]
[WhiteElo "1997"]
[BlackElo "2260"]
[PlyCount "72"]
[EventDate "2017.05.01"]

1. e4 c5 2. Nc3 e6 3. g3 d5 4. d3 dxe4 5. dxe4 Qxd1+ 6. Nxd1 Bd7 7. Bg2 Bc6 8.
Ne2 Nf6 9. f3 Nbd7 10. c4 Ne5 11. b3 Nd3+ 12. Kd2 O-O-O 13. Ke3 g6 14. h3 Bh6+
15. f4 e5 16. Ndc3 exf4+ 17. gxf4 Rhe8 18. Rd1 Nb4 19. Rxd8+ Kxd8 20. Bb2 Nc2+
21. Kd3 Nxa1 22. Bxa1 Nh5 23. Nd5 Bxd5 24. cxd5 Bxf4 25. Bc3 f5 26. Bf3 Be5 27.
exf5 Bxc3 28. Nxc3 Nf4+ 29. Kc4 gxf5 30. d6 b6 31. Nb5 Kd7 32. Bb7 Rb8 33. Ba6
Nxh3 34. Nxa7 Kxd6 35. Bc8 Ra8 36. Nb5+ Ke5 0-1

[Event "Team senior chess final 2017"]
[Site "Sochi"]
[Date "2017.05.08"]
[Round "8.2"]
[White "Sabaev, Evgueni"]
[Black "Rashkovsky, Nukhim N"]
[Result "1/2-1/2"]
[WhiteElo "2155"]
[BlackElo "2499"]
[PlyCount "33"]
[EventDate "2017.05.01"]

1. Nf3 Nf6 2. c4 g6 3. g3 Bg7 4. Bg2 O-O 5. O-O d6 6. d4 Nc6 7. d5 Na5 8. Nfd2
c5 9. Nc3 a6 10. Qc2 Rb8 11. b3 e6 12. Bb2 b5 13. Rab1 Bd7 14. Ba1 Bc8 15. Bb2
Bd7 16. Ba1 Bc8 17. Bb2 1/2-1/2

[Event "Team senior chess final 2017"]
[Site "Sochi"]
[Date "2017.05.08"]
[Round "8.2"]
[White "Lisenko, Alexander V"]
[Black "Zlachevskiy, Leonid"]
[Result "1-0"]
[WhiteElo "2359"]
[BlackElo "2046"]
[PlyCount "79"]
[EventDate "2017.05.01"]

1. c4 e5 2. Nc3 Nf6 3. Nf3 Nc6 4. d4 exd4 5. Nxd4 Bb4 6. Bg5 h6 7. Bh4 g5 8.
Bg3 d6 9. Qd3 Qe7 10. Nxc6 bxc6 11. a3 Bxc3+ 12. Qxc3 O-O 13. f3 Bf5 14. O-O-O
Rfe8 15. e4 Bg6 16. Bd3 Rab8 17. Rhe1 Nd7 18. e5 Nxe5 19. Bxg6 fxg6 20. Re4 Qf7
21. Bxe5 Rxe5 22. Rxe5 dxe5 23. Qxe5 Qxc4+ 24. Kb1 Qf7 25. Qc3 Qe6 26. Re1 Qd6
27. Qc4+ Qd5 28. Qxd5+ cxd5 29. Re7 g4 30. fxg4 Rf8 31. Rxc7 Rf1+ 32. Ka2 Rf2
33. Rxa7 Rxg2 34. h3 h5 35. gxh5 gxh5 36. a4 Rh2 37. a5 Rxh3 38. a6 Rh4 39. Kb3
Rh1 40. Rb7 1-0

[Event "Team senior chess final 2017"]
[Site "Sochi"]
[Date "2017.05.08"]
[Round "8.2"]
[White "Karimov, Rashid"]
[Black "Dragomarezkij, Evgeni"]
[Result "1/2-1/2"]
[WhiteElo "2156"]
[BlackElo "2350"]
[PlyCount "43"]
[EventDate "2017.05.01"]

1. c4 e5 2. Nc3 Bb4 3. e3 Nf6 4. Nge2 O-O 5. g3 Bxc3 6. Nxc3 d5 7. cxd5 Nxd5 8.
d4 exd4 9. Qxd4 Be6 10. Bg2 Nc6 11. Qc5 Nxc3 12. Qxc3 Bd5 13. f3 Qe7 14. O-O
Rad8 15. e4 Be6 16. Be3 Qd7 17. Rfc1 Rfe8 18. Re1 Rf8 19. Rec1 Rfe8 20. Re1 Rf8
21. Rec1 Rfe8 22. Re1 1/2-1/2

[Event "Team senior chess final 2017"]
[Site "Sochi"]
[Date "2017.05.09"]
[Round "9.1"]
[White "Akhmadeev, Valery"]
[Black "Faibisovich, Vadim Z"]
[Result "1/2-1/2"]
[WhiteElo "2079"]
[BlackElo "2320"]
[PlyCount "37"]
[EventDate "2017.05.01"]

1. d4 Nf6 2. c4 e6 3. Nc3 d5 4. Nf3 Be7 5. Bf4 O-O 6. e3 Nbd7 7. cxd5 Nxd5 8.
Nxd5 exd5 9. Bd3 Nf6 10. Qc2 c6 11. O-O h6 12. h3 Be6 13. Ne5 Nd7 14. Nf3 Nf6
15. Ne5 Nd7 16. Nf3 Nf6 17. Ne5 Nd7 18. Nf3 Nf6 19. Ne5 1/2-1/2

[Event "Team senior chess final 2017"]
[Site "Sochi"]
[Date "2017.05.09"]
[Round "9.1"]
[White "Mishuchkov, Nikolai M"]
[Black "Sabaev, Evgueni"]
[Result "1/2-1/2"]
[WhiteElo "2321"]
[BlackElo "2155"]
[PlyCount "53"]
[EventDate "2017.05.01"]

1. Nf3 e6 2. c4 d5 3. d4 Nf6 4. e3 Be7 5. Nc3 O-O 6. Bd3 dxc4 7. Bxc4 c5 8.
dxc5 Qxd1+ 9. Kxd1 Bxc5 10. Ke2 Nc6 11. a3 a6 12. Bd3 Be7 13. b4 b5 14. Bb2 Bb7
15. Ne4 Nxe4 16. Bxe4 Nd4+ 17. Bxd4 Bxe4 18. Nd2 Bb7 19. Rhc1 Rfc8 20. Nb3 Bd5
21. Na5 Bd8 22. g3 Bxa5 23. bxa5 f6 24. Kd2 Kf7 25. Rxc8 Rxc8 26. Rc1 Rxc1 27.
Kxc1 1/2-1/2

[Event "Team senior chess final 2017"]
[Site "Sochi"]
[Date "2017.05.09"]
[Round "9.1"]
[White "Zlachevskiy, Leonid"]
[Black "Karasev, Vladimir I"]
[Result "1-0"]
[WhiteElo "2046"]
[BlackElo "2355"]
[PlyCount "79"]
[EventDate "2017.05.01"]

1. e4 c5 2. d3 Nc6 3. f4 d6 4. Nf3 g6 5. Be2 Bg7 6. c3 e5 7. O-O Nge7 8. Na3
O-O 9. Nc2 h6 10. fxe5 dxe5 11. Be3 b6 12. Qd2 Kh7 13. h3 f5 14. Rad1 Be6 15.
b3 Qd7 16. Qe1 f4 17. Bc1 g5 18. d4 cxd4 19. cxd4 exd4 20. e5 Nf5 21. Bd3 Rae8
22. Bb2 Kg8 23. Bxf5 Bxf5 24. Ncxd4 Nxe5 25. Nxe5 Bxe5 26. Qf2 Qg7 27. Rd2 Bc8
28. Ba3 Rf7 29. Re1 Rd8 30. Nf3 Rxd2 31. Qxd2 Bc3 32. Qd8+ Kh7 33. Qxc8 Bxe1
34. Nxe1 Qd4+ 35. Kh2 Qd2 36. Nf3 Qd1 37. Qe6 Rg7 38. Bf8 Rb7 39. Ne5 Rc7 40.
Ng4 {çàïèñü íåðàçáîð~~èâà} 1-0

[Event "Team senior chess final 2017"]
[Site "Sochi"]
[Date "2017.05.09"]
[Round "9.1"]
[White "Blechzin, Igor"]
[Black "Karimov, Rashid"]
[Result "1/2-1/2"]
[WhiteElo "2260"]
[BlackElo "2156"]
[PlyCount "81"]
[EventDate "2017.05.01"]

1. Nf3 c5 2. c4 Nf6 3. g3 Nc6 4. Bg2 d5 5. cxd5 Nxd5 6. Nc3 Nc7 7. O-O e5 8.
Qa4 Bd7 9. Qe4 Bd6 10. d3 f6 11. Nh4 Qc8 12. f4 O-O 13. fxe5 Bxe5 14. Nf5 Re8
15. Qf3 Nd4 16. Nxd4 Bxd4+ 17. Kh1 Bc6 18. Qf5 Bxg2+ 19. Kxg2 Qxf5 20. Rxf5
Bxc3 21. bxc3 Rxe2+ 22. Kf3 Rc2 23. Rxc5 Ne6 24. Rc4 b5 25. Rb4 Rxc3 26. Be3
Rxd3 27. Ke4 Rd7 28. Rxb5 Re8 29. Kf3 Ng5+ 30. Bxg5 fxg5 31. Rab1 h6 32. Rb8
Rxb8 33. Rxb8+ Kf7 34. a4 Kf6 35. Ke4 Rd6 36. a5 Ra6 37. Rb5 Ke6 38. Re5+ Kd7
39. Rd5+ Ke6 40. Re5+ Kd7 41. Rd5+ 1/2-1/2

[Event "Team senior chess final 2017"]
[Site "Sochi"]
[Date "2017.05.09"]
[Round "9.2"]
[White "Shvedchikov, Anatoli I"]
[Black "Mednikov, Gennadiy"]
[Result "1-0"]
[WhiteElo "2285"]
[BlackElo "2176"]
[PlyCount "67"]
[EventDate "2017.05.01"]

1. c4 e5 2. Nc3 Nc6 3. Nf3 Nf6 4. e3 Be7 5. d4 exd4 6. Nxd4 d5 7. cxd5 Nxd5 8.
Nxc6 bxc6 9. Qa4 Bd7 10. Be2 Nxc3 11. bxc3 O-O 12. O-O Bf6 13. Ba3 Re8 14. Rad1
Qc8 15. Ba6 Qd8 16. Bb7 Rb8 17. Qxa7 Be5 18. h3 Bd6 19. Rxd6 cxd6 20. Bxd6 Rxb7
21. Qxb7 Bxh3 22. Qxc6 Bxg2 23. Kxg2 Re6 24. Rd1 h6 25. Qd5 Qh4 26. Bg3 Qg4 27.
Qf3 Qg6 28. Rd8+ Kh7 29. Rd4 Rf6 30. Qe4 Rf5 31. c4 h5 32. c5 h4 33. Qxh4+ Rh5
34. Qxh5+ 1-0

[Event "Team senior chess final 2017"]
[Site "Sochi"]
[Date "2017.05.09"]
[Round "9.2"]
[White "Martynov, Alexandr"]
[Black "Chudinovskikh, Alexander M"]
[Result "0-1"]
[WhiteElo "1960"]
[BlackElo "2231"]
[PlyCount "92"]
[EventDate "2017.05.01"]

1. d4 c5 2. d5 e5 3. Nc3 d6 4. e4 g6 5. Bd3 Bg7 6. Nge2 a6 7. a4 Nd7 8. a5 Ngf6
9. O-O O-O 10. Bg5 h6 11. Be3 Ng4 12. Bd2 b5 13. axb6 Nxb6 14. b3 f5 15. f3 Nf6
16. Qc1 f4 17. Ra5 c4 18. bxc4 Nxc4 19. Ra4 Qb6+ 20. Kh1 Nxd2 21. Qxd2 Nd7 22.
Rb1 Qf2 23. Ra5 Nc5 24. Bc4 g5 25. Qe1 Qxe1+ 26. Rxe1 g4 27. Rb1 gxf3 28. gxf3
Bf6 29. Na4 Nd7 30. Nb2 Bd8 31. Raa1 Bb6 32. Na4 Be3 33. Bd3 Kh8 34. c4 Rg8 35.
Nac3 Nc5 36. Bc2 Bh3 37. Rg1 Bxg1 38. Rxg1 Rxg1+ 39. Nxg1 Bf1 40. Nge2 Rg8 41.
h4 Bg2+ 42. Kg1 Bxf3+ 43. Kf2 Bxe2 44. Nxe2 Rg4 45. Ng1 Rxh4 46. Nf3 Rg4 0-1

[Event "Team senior chess final 2017"]
[Site "Sochi"]
[Date "2017.05.09"]
[Round "9.2"]
[White "Kolbanov, Veniamin M"]
[Black "Maiorov, Viktor"]
[Result "1-0"]
[WhiteElo "2174"]
[BlackElo "1997"]
[PlyCount "139"]
[EventDate "2017.05.01"]

1. c4 e5 2. Nc3 Nc6 3. g3 f5 4. Bg2 Nf6 5. d3 Bc5 6. e3 d6 7. Nge2 O-O 8. O-O
a5 9. d4 Ba7 10. a3 Qe8 11. Nb5 Bb8 12. b3 Nd8 13. Bb2 c6 14. dxe5 dxe5 15. Nd6
Bxd6 16. Qxd6 Nf7 17. Qd2 Ng5 18. f3 Qe7 19. Rad1 Re8 20. Nc3 Rb8 21. Nb1 b5
22. cxb5 Rxb5 23. Qc2 Qa7 24. Bc1 Rc5 25. Qf2 e4 26. f4 Ng4 27. Qd2 Ne6 28. h3
Nf6 29. b4 axb4 30. axb4 Rd5 31. Qc2 Red8 32. Nc3 Rd3 33. Rfe1 Ba6 34. Qa4 Kf7
35. Bf1 Rxc3 36. Qxa6 Qxa6 37. Bxa6 Rxd1 38. Rxd1 Nd5 39. b5 Nxe3 40. Bxe3 Rxe3
41. Rd7+ Ke8 42. bxc6 Rxg3+ 43. Kh2 Rc3 44. Bb5 Rc5 45. c7 Nxc7 46. Rxc7+ Rxb5
47. Rxg7 Rb3 48. Rg5 Rb5 49. Rh5 Kf8 50. Rxh7 Kg8 51. Ra7 Rb6 52. Kg3 Rf6 53.
Kh4 Rf7 54. Ra5 Kf8 55. Kg5 Ke7 56. h4 Ke6 57. Re5+ Kd6 58. h5 Re7 59. h6 e3
60. Kf6 Rxe5 61. fxe5+ Kd5 62. h7 e2 63. h8=Q e1=Q 64. Qa8+ Kd4 65. Qa4+ Kd5
66. Qd7+ Kc4 67. Qxf5 Kd4 68. e6 Qh4+ 69. Kf7 Qd8 70. Qf6+ 1-0

[Event "Team senior chess final 2017"]
[Site "Sochi"]
[Date "2017.05.10"]
[Round "10.1"]
[White "Arkhipov, Sergey"]
[Black "Akhmadeev, Valery"]
[Result "1/2-1/2"]
[WhiteElo "2446"]
[BlackElo "2079"]
[PlyCount "78"]
[EventDate "2017.05.01"]

1. d4 d5 2. c4 c6 3. Nc3 Nf6 4. e3 e6 5. Nf3 Nbd7 6. Qc2 Bd6 7. Be2 O-O 8. O-O
Qe7 9. e4 Nxe4 10. Nxe4 dxe4 11. Qxe4 e5 12. Bg5 Qe6 13. c5 Bc7 14. Bd3 Qg6 15.
Qe3 exd4 16. Qxd4 Qh5 17. Be7 Ne5 18. Nxe5 Bxe5 19. Qh4 Qxh4 20. Bxh4 Bxb2 21.
Rab1 Bd4 22. Be7 Re8 23. Bd6 b5 24. cxb6 Bxb6 25. Bc4 Be6 26. Rbc1 Rad8 27. Bg3
f6 28. h3 Kf7 29. Rc2 Rd4 30. Bxe6+ Rxe6 31. Rfc1 Ra4 32. Kf1 h5 33. f3 Ra3 34.
Bf2 Bxf2 35. Kxf2 g5 36. Rb1 Ra6 37. Rb4 Re5 38. h4 Rea5 39. Rbc4 Rxa2 1/2-1/2

[Event "Team senior chess final 2017"]
[Site "Sochi"]
[Date "2017.05.10"]
[Round "10.1"]
[White "Sabaev, Evgueni"]
[Black "Shvedchikov, Anatoli I"]
[Result "1/2-1/2"]
[WhiteElo "2155"]
[BlackElo "2285"]
[PlyCount "55"]
[EventDate "2017.05.01"]

1. d4 d5 2. c4 c6 3. Nf3 Nf6 4. cxd5 cxd5 5. Nc3 Nc6 6. Bf4 Bf5 7. e3 e6 8. Bb5
Nd7 9. O-O Be7 10. Qa4 Qc8 11. Rfc1 O-O 12. Bxc6 bxc6 13. Ne5 Nxe5 14. Bxe5 Qb7
15. Qb3 Qxb3 16. axb3 Rfc8 17. Na4 f6 18. Bg3 Bd3 19. Nc5 Bxc5 20. Rxc5 Bb5 21.
b4 Kf7 22. f3 Ke7 23. Kf2 a6 24. Ra3 Kd7 25. Ke1 Ke7 26. Kf2 Kd7 27. Ke1 Ke7
28. Kf2 1/2-1/2

[Event "Team senior chess final 2017"]
[Site "Sochi"]
[Date "2017.05.10"]
[Round "10.1"]
[White "Chudinovskikh, Alexander M"]
[Black "Zlachevskiy, Leonid"]
[Result "1-0"]
[WhiteElo "2231"]
[BlackElo "2046"]
[PlyCount "91"]
[EventDate "2017.05.01"]

1. e4 e5 2. Nf3 d6 3. d4 Nf6 4. Nc3 Nbd7 5. Bc4 Be7 6. O-O O-O 7. Re1 c6 8. a4
Rb8 9. h3 b6 10. Bg5 a6 11. Ba2 b5 12. axb5 axb5 13. b4 Bb7 14. Qd3 h6 15. Bd2
Re8 16. Ne2 Bf8 17. Ng3 c5 18. bxc5 dxc5 19. dxe5 Nxe5 20. Nxe5 Rxe5 21. Bf4
Re8 22. Bxb8 Qxd3 23. cxd3 Rxb8 24. Bb3 Rd8 25. Ra7 Rxd3 26. Bxf7+ Kxf7 27.
Rxb7+ Ke6 28. Rxb5 Nd7 29. Rc1 Kd6 30. Rbb1 Kc6 31. Ne2 g5 32. Rd1 Ra3 33. Rbc1
Bg7 34. Nd4+ Bxd4 35. Rxd4 Nf8 36. e5 Ra8 37. Rd6+ Kb5 38. Rb1+ Kc4 39. Rxh6
Re8 40. Rh8 Kd3 41. e6 c4 42. e7 Rxe7 43. Rxf8 c3 44. Rd8+ Kc2 45. Rb5 Kc1 46.
Rxg5 1-0

[Event "Team senior chess final 2017"]
[Site "Sochi"]
[Date "2017.05.10"]
[Round "10.1"]
[White "Karimov, Rashid"]
[Black "Kremenietsky, Anatoly M"]
[Result "1/2-1/2"]
[WhiteElo "2156"]
[BlackElo "2295"]
[PlyCount "44"]
[EventDate "2017.05.01"]

1. c4 e5 2. Nc3 d6 3. g3 g6 4. Bg2 Bg7 5. Nf3 Nc6 6. d3 Nge7 7. O-O O-O 8. Rb1
Nd4 9. Bg5 h6 10. Bxe7 Nxf3+ 11. Bxf3 Qxe7 12. b4 c6 13. b5 c5 14. Bg2 Be6 15.
b6 a6 16. Nd5 Bxd5 17. Bxd5 Kh8 18. e3 Rab8 19. Kg2 Qd7 20. Qf3 Qe7 21. Qd1 Qd7
22. Qf3 Qe7 1/2-1/2

[Event "Team senior chess final 2017"]
[Site "Sochi"]
[Date "2017.05.10"]
[Round "10.2"]
[White "Faibisovich, Vadim Z"]
[Black "Sveshnikov, Evgeny"]
[Result "1/2-1/2"]
[WhiteElo "2320"]
[BlackElo "2503"]
[PlyCount "79"]
[EventDate "2017.05.01"]

1. e4 c5 2. Nf3 Nc6 3. Bb5 e6 4. O-O Nge7 5. c3 d5 6. exd5 Nxd5 7. d4 cxd4 8.
Nxd4 Bd7 9. Nxc6 Bxc6 10. Qa4 Qc7 11. Bxc6+ bxc6 12. Nd2 Bd6 13. Nf3 O-O 14. c4
Ne7 15. Bd2 c5 16. Ba5 Qc6 17. Qxc6 Nxc6 18. Bc3 Rad8 19. Rad1 f6 20. Rd2 Be7
21. Rfd1 Rxd2 22. Rxd2 Rd8 23. Rxd8+ Bxd8 24. Kf1 Kf7 25. Ke2 e5 26. Nd2 Ke6
27. f3 g6 28. a3 Be7 29. Kd3 f5 30. Nb3 Bd6 31. Na5 Nxa5 32. Bxa5 e4+ 33. fxe4
Bxh2 34. b4 cxb4 35. axb4 a6 36. exf5+ gxf5 37. b5 axb5 38. cxb5 Kd5 39. Bb6
Be5 40. Bf2 1/2-1/2

[Event "Team senior chess final 2017"]
[Site "Sochi"]
[Date "2017.05.10"]
[Round "10.2"]
[White "Rashkovsky, Nukhim N"]
[Black "Mishuchkov, Nikolai M"]
[Result "1-0"]
[WhiteElo "2499"]
[BlackElo "2321"]
[PlyCount "55"]
[EventDate "2017.05.01"]

1. d4 Nf6 2. Nf3 e6 3. e3 c5 4. c4 cxd4 5. exd4 d5 6. Nc3 Nc6 7. c5 Be7 8. Bb5
O-O 9. O-O Qc7 10. Re1 Nd7 11. Nxd5 exd5 12. Bxc6 bxc6 13. Rxe7 Qd8 14. Qe1 Nf6
15. Bg5 Be6 16. Bxf6 gxf6 17. Rb7 Bc8 18. Rb3 Re8 19. Re3 Bg4 20. Qd2 Bxf3 21.
Rxf3 Re6 22. Re1 Qe7 23. Ree3 Re8 24. h3 Rxe3 25. Rxe3 Qd7 26. Rg3+ Kf8 27.
Qh6+ Ke7 28. Re3+ 1-0

[Event "Team senior chess final 2017"]
[Site "Sochi"]
[Date "2017.05.10"]
[Round "10.2"]
[White "Karasev, Vladimir I"]
[Black "Lisenko, Alexander V"]
[Result "1/2-1/2"]
[WhiteElo "2355"]
[BlackElo "2359"]
[PlyCount "100"]
[EventDate "2017.05.01"]

1. e4 c5 2. Nf3 Nc6 3. Bb5 Nf6 4. Nc3 g6 5. O-O Bg7 6. Re1 O-O 7. e5 Ng4 8.
Bxc6 dxc6 9. h3 Nh6 10. d3 Nf5 11. Bf4 Nd4 12. Nxd4 Qxd4 13. Re4 Qd8 14. Qd2
Bf5 15. Rc4 Be6 16. Re4 Bf5 17. Re2 Qd4 18. Bh6 c4 19. Bxg7 Kxg7 20. g4 Be6 21.
Re4 Qb6 22. dxc4 Qxb2 23. Rb1 Rfd8 24. Rxb2 Rxd2 25. Rxb7 Rxc2 26. Re3 Kf8 27.
c5 a5 28. a4 Rd8 29. Rf3 Rd4 30. Kh2 Rb4 31. Rb6 Rc4 32. Nd1 Rxc5 33. Rb8+ Kg7
34. Re8 Rd2 35. Nc3 Rc2 36. Nd1 Bd5 37. Rf4 Rc1 38. Ne3 Rh1+ 39. Kg3 Rc3 40. e6
Rg1+ 41. Kh2 Rh1+ 42. Kg3 Bxe6 43. Rxe7 Rg1+ 44. Kh2 Rb1 45. Re4 Kf6 46. Ra7
Rc5 47. h4 h6 48. Kg3 Bb3 49. Rb7 Rcc1 50. Ra7 Rc5 1/2-1/2

[Event "Team senior chess final 2017"]
[Site "Sochi"]
[Date "2017.05.10"]
[Round "10.2"]
[White "Dragomarezkij, Evgeni"]
[Black "Blechzin, Igor"]
[Result "1/2-1/2"]
[WhiteElo "2350"]
[BlackElo "2260"]
[PlyCount "38"]
[EventDate "2017.05.01"]

1. Nf3 c5 2. c4 Nf6 3. b3 g6 4. Bb2 Bg7 5. g3 O-O 6. Bg2 Nc6 7. O-O d6 8. d4
cxd4 9. Nxd4 Bd7 10. Nc3 Qc8 11. Rc1 Nxd4 12. Qxd4 Bc6 13. Rfd1 Bxg2 14. Kxg2
Ne8 15. Qe4 Qd7 16. Qd5 Nf6 17. Qf3 Ne8 18. Qd5 Nf6 19. Qf3 Ne8 1/2-1/2